| 000 | 00520nam a22001577a 4500 | ||
|---|---|---|---|
| 003 | SGT | ||
| 020 | _a9788131805855 | ||
| 082 |
_a540 _bAMB |
||
| 100 | _aAMBASTA,B.K | ||
| 245 |
_aCHEMISTRY FOR ENGINEERS _bB.E/B.TECH. (SEMESTER 1 AND 2) |
||
| 250 | _a4TH | ||
| 260 |
_aNEW DELHI _bUNIVERSITY SCIENCES PRESS _c2015 |
||
| 650 | _aCHEMISTRY | ||
| 653 | _aTHERMODYNAMICS, PHASE EQUILIBRIUM ( PHASE RULE) WATER AND ITS TREATMENT, LUBRICATION AND LUBRICANTS,POLYMERS AND POLYMERIZATION ,EXAMINATION PAPERS | ||
| 942 |
_2ddc _cBK |
||
| 999 |
_c8245 _d8245 |
||